00805nam a22002057a 4500003001700000005001700017008004100034022001800075040000700093041001200100082001700112100002400129245005000153250000600203260002500209300002400234365005000258520025200308650003900560St Aloysius Coll20251028194330.0251028b |||||||| |||| 00| 0 eng d 29789332543201 cAL aEnglish a370.15bORME aJeanne Ellis Ormrod aEducational psychologyb: developing learners a8 aNoidabPearsonc2020 a578p.bPBc25x20cm. 2Generala4226b₹656.00c₹d₹820.00e20% aCognitive and linguistic development; Personal and social development; Group differences; Learning cognition and memory; Learning and cognition in context; Behaviorist views of learning; Social cognitive views of learning; Instructional strategies 2PsychologyaEducational Psychology